000 00848nmm a2200277 a 4500
001 ocm000955361
003 TR-IsHL
005 20201028150455.0
008 150110s2014 tu eng
007 cr cn
020 _a9781503142251
035 _a955361
_b(N$T)
050 0 4 _aNC730
_b.S64 2014
090 0 4 _aNC730
_b.S64 2014
100 1 _aSpeed, Harold
245 1 0 _aThe practice and science of drawing
_h[electronic resource] /
_cHarold Speed ; illustrated by Murat Ukray
260 _aİstanbul :
_bE-Kitap Projesi,
_c2014
300 _a324 p.
650 4 _aGüzel Sanatlar
650 4 _aFine Arts
650 0 _aÇizim
650 0 _aDrawing
650 7 _aART / Techniques / Drawing
_2bisacsh
700 1 _aUkray, Murat
856 4 0 _uhttp://search.ebscohost.com/login.aspx?direct=true&scope=site&db=e011xww&AN=955361
999 _c10492
_d10492